[Event "18th Karpov Poikovsky 2017"]
[Site "Poikovsky"]
[Date "2017.04.19"]
[Round "2"]
[White "Zhigalko, Sergei"]
[Black "Sutovsky, Emil"]
[Result "1/2-1/2"]
[WhiteElo "2639"]
[BlackElo "2650"]
[Annotator "TA"]
[PlyCount "131"]
[EventDate "2017.??.??"]
[EventType "tourn"]
[EventCountry "RUS"]
[SourceTitle "playchess.com"]
[Source "ChessBase"]
[SourceQuality "1"]
[TimeControl "5400+30"]

1. Nf3 {[%emt 0:00:00]} d5 {[%emt 0:00:46]} 2. c4 {[%emt 0:00:00]} c6 {[%emt 0:00:49]} 3. b3 {[%emt 0:00:00]} g6 {[%emt 0:01:22]} 4. Bb2 {[%emt 0:00:08]} Nf6 {[%emt 0:00:23]} 5. d4 {[%emt 0:03:52] A12: English Opening: 1...c6 with b3 by White} (5. g3 Bg7 6. Bg2 O-O 7. O-O a5 8. Nc3 Ne4 9. Na4 Bxb2 10. Nxb2 Na6 11. d3 Nf6 12. cxd5 Nxd5 13. Qd2 Bg4 14. Nc4 Bxf3 15. Bxf3 Nc5 16. d4 {½-½ (72) Anton Guijarro,D (2650)-Vidit,S (2689) Doha 2016}) 5... Bg7 {[%emt 0:00:43]} 6. Nc3 {[%emt 0:00:59]} O-O {[%emt 0:02:44]} 7. g3 {[%emt 0:00:33]} Nbd7 {[%emt 0:01:44]} 8. Bg2 {[%emt 0:00:29]} Nb6 {[%emt 0:09:57]} 9. c5 {[%emt 0:01:38]} Nbd7 {[%emt 0:00:18]} 10. O-O {[%emt 0:00:24]} b6 $146 {[%emt 0:00:51]} (10... Ne4 11. b4 f5 12. e3 {1-0 (43) Vooremaa,A (2350)-Rantanen,P Jyvaskyla 1991}) 11. b4 {[%emt 0:02:26]} Rb8 {[%emt 0:03:19]} 12. Rb1 {[%emt 0:01:12]} Qc7 {[%emt 0:00:50]} 13. Re1 {[%emt 0:08:06]} Rd8 {[%emt 0:06:56]} 14. Qa4 {[%emt 0:07:38]} e5 {[%emt 0:01:59]} 15. Nxe5 {[%emt 0:02:29]} (15. dxe5 $11 Ng4 16. e6 fxe6 17. Rec1) 15... Nxe5 {[%emt 0:01:12]} 16. dxe5 {[%emt 0:00:10]} Nd7 {[%emt 0:05:22]} 17. cxb6 {[%emt 0:13:23]} Nxb6 {[%emt 0:01:12]} 18. Qc2 {[%emt 0:13:05]} Nc4 {[%emt 0:06:40]} 19. e4 $2 {[%emt 0:14:52] [#]} ({Better is} 19. Bc1 $15) 19... d4 $1 {[%emt 0:05:56]} ({Weaker is} 19... Bxe5 20. Bc1 $15 (20. exd5 Rxb4 21. Nd1 Nxb2 22. Nxb2 cxd5 23. Qxc7 Bxc7 $17)) (19... Nxb2 20. Rxb2 Qxe5 21. Rc1 $17) 20. Ne2 {[%emt 0:03:15]} Nxb2 {[%emt 0:03:08]} 21. Qxb2 {[%emt 0:02:34]} c5 {[%emt 0:18:06]} 22. Qd2 {[%emt 0:10:29]} (22. Nf4 $17 {only move.}) 22... d3 {[%emt 0:08:08]} 23. Nc3 {[%emt 0:03:58]} Qxe5 {[%emt 0:00:26]} 24. Nd5 {[%emt 0:00:27]} c4 {[%emt 0:00:39]} 25. Rbc1 {[%emt 0:01:10]} Ba6 {[%emt 0:00:51]} 26. a4 {[%emt 0:00:36]} Rbc8 {[%emt 0:01:24]} 27. Nc3 {[%emt 0:00:57]} Bb7 {[%emt 0:01:15]} 28. Red1 {[%emt 0:01:50]} Qe7 {[%emt 0:08:09]} 29. Rb1 {[%emt 0:02:45]} Re8 {[%emt 0:02:28]} 30. Re1 {[%emt 0:01:09]} Qc7 {[%emt 0:01:51]} 31. Nb5 {[%emt 0:01:06]} Qb6 {[%emt 0:00:33]} 32. Nc3 {[%emt 0:00:23]} Bd4 {[%emt 0:01:20]} 33. a5 {[%emt 0:01:10]} Qf6 {[%emt 0:00:16]} 34. Rbc1 {[%emt 0:00:40]} Qe7 {[%emt 0:01:53]} 35. Nb5 {[%emt 0:00:53]} Bf6 {[%emt 0:00:33]} 36. Nxa7 {[%emt 0:00:48]} Ra8 {[%emt 0:00:15]} 37. Nb5 {[%emt 0:00:04] [#]} Ba6 $1 {[%emt 0:00:12]} 38. e5 {[%emt 0:00:44]} Bg5 {[%emt 0:01:00]} 39. f4 {[%emt 0:00:07]} Bxb5 {[%emt 0:01:24]} 40. Bxa8 {[%emt 0:00:09]} Rxa8 {[%emt 0:00:17]} 41. fxg5 {[%emt 0:00:03]} Re8 {[%emt 0:00:30]} 42. Ra1 {[%emt 0:01:38]} Rc8 {[%emt 0:00:20]} 43. Rac1 {[%emt 0:00:13]} Kg7 $2 {[%emt 0:01:11]} (43... Qa7+ $19 44. Qf2 (44. Kf1 $2 c3 45. Rxc3 Rxc3 46. Qxc3 d2+ 47. Kg2 Bc6+ 48. Kf1 Bb5+ 49. Kg2 dxe1=N+ 50. Qxe1 Bc6+ 51. Kh3 Bd7+ 52. g4 Qd4 $19) 44... Qxf2+ 45. Kxf2 d2) 44. h4 {[%emt 0:00:38]} c3 $2 {[%emt 0:00:18]} (44... Qd7 $11 45. Kh2 Qd4) 45. Rxc3 {[%emt 0:02:20]} Qxb4 {[%emt 0:00:18]} 46. Rec1 $18 {[%emt 0:00:08]} (46. Rxd3 Qc5+ 47. Rde3) 46... Qd4+ {[%emt 0:00:55]} 47. Kh2 {[%emt 0:00:12]} Rxc3 {[%emt 0:00:42]} 48. Rxc3 {[%emt 0:00:03]} Qxe5 {[%emt 0:01:05]} 49. Rb3 {[%emt 0:00:24]} Ba6 {[%emt 0:01:16]} 50. Qb2 {[%emt 0:00:12]} Qxb2+ {[%emt 0:00:03]} 51. Rxb2 {[%emt 0:00:01]} Kf8 {[%emt 0:00:37]} 52. Kg2 {[%emt 0:00:07]} Ke7 {[%emt 0:00:09]} 53. Kf3 {[%emt 0:00:14]} Kd7 {[%emt 0:00:05]} 54. Ke3 {[%emt 0:00:09]} Kc7 {[%emt 0:00:29]} 55. Rb6 {[%emt 0:00:12]} Bc4 {[%emt 0:00:06]} 56. Rf6 {[%emt 0:00:49]} Kb7 {[%emt 0:00:18]} 57. Rf4 {[%emt 0:00:15]} Bb5 {[%emt 0:01:17]} 58. Rxf7+ {[%emt 0:00:32]} Ka6 {[%emt 0:00:02]} 59. Rxh7 {[%emt 0:00:12]} Kxa5 {[%emt 0:00:04]} 60. Rc7 {[%emt 0:00:19]} Kb6 {[%emt 0:00:42]} 61. Rg7 {[%emt 0:00:20]} Kc5 {[%emt 0:01:29]} 62. Rxg6 {[%emt 0:00:13]} Kd5 {[%emt 0:00:11]} 63. Rg8 {[%emt 0:00:27]} Ke5 {[%emt 0:00:33]} 64. h5 {[%emt 0:00:36]} Bc4 {[%emt 0:00:02]} 65. Rg7 {[%emt 0:00:21]} Kf5 {[%emt 0:00:23]} 66. h6 {[%emt 0:00:11] Kf4+} 1/2-1/2

[Event "18th Karpov Poikovsky 2017"]
[Site "Poikovsky"]
[Date "2017.04.20"]
[Round "3"]
[White "Inarkiev, Ernesto"]
[Black "Bologan, Victor"]
[Result "1-0"]
[WhiteElo "2727"]
[BlackElo "2640"]
[Annotator "TA"]
[PlyCount "81"]
[EventDate "2017.??.??"]
[EventType "tourn"]
[EventCountry "RUS"]
[SourceTitle "playchess.com"]
[Source "ChessBase"]
[SourceQuality "1"]

{[%evp 9,81,16,24,24,25,25,25,25,25,23,27,23,23,24,28,28,28,28,28,21,28,18,18,17,18,20,22,0,0,0,11,-56,69,78,93,90,81,89,78,68,66,74,203,185,195,194,209,204,194,162,161,151,188,169,255,252,240,253,234,254,258,280,407,340,1045,547,622,621,617,604,602,591,2067,2326]} 1. c4 e5 2. Nc3 Bb4 3. Nd5 Be7 4. Nf3 d6 5. d4 e4 6. Nd2 {[%cal Bf3d2,Bd2b1,Bb1c3][%mdl 32] A21: English Opening: 1...e5 2 Nc3} f5 7. Nb1 c6 (7... Nf6 8. Nbc3 O-O 9. Nxe7+ Qxe7 10. Bg5 Qf7 11. e3 Nc6 12. Be2 Qg6 13. h4 h6 14. Bxf6 Qxg2 {1-0 (40) Andreikin,D (2696)-Volkov,S (2607) Baku 2011}) 8. Nxe7 {White has an edge.} Nxe7 9. Nc3 O-O 10. e3 $146 (10. Qb3 Ng6 11. g3 c5 12. dxc5 dxc5 13. Be3 b6 {½-½ (32) Woelfelschneider,P-Kleinsorgen,H (2064) DESC email 2003}) 10... Be6 11. Be2 Nd7 12. b3 d5 13. a4 a5 14. Rb1 Nf6 15. O-O Qd6 16. Ra1 Rf7 17. Ba3 Qd7 18. f3 exf3 19. Rxf3 Ng6 20. Qd2 (20. Rf1 $11) 20... f4 (20... dxc4 $1 $15 21. bxc4 Ne5) 21. exf4 $14 {[%cal Be3f4,Bf4f5][%mdl 32]} Bg4 22. Rf2 (22. f5 Ne7 $11) 22... Bxe2 23. Rxe2 Rd8 24. Bc5 Qg4 25. Rf1 dxc4 {[#]} (25... Nh5 $16) 26. f5 $1 $18 {[%cal Rf5g6]} (26. bxc4 $6 Nh5 $16) 26... Nh4 {[#]} 27. h3 $1 {[%cal Rh3g4]} (27. bxc4 $6 Nxf5 28. h3 Qg6) 27... Qh5 28. bxc4 {aiming for Qf4.} Nxf5 29. g4 $36 {[%mdl 2048] Keeping Black busy.} Nxg4 30. hxg4 Qxg4+ 31. Rg2 Qh3 (31... Qh5 {was worth a try.}) 32. Ne4 h6 33. d5 (33. Qxa5 Re8 34. Nf2 Qf3 $11) 33... cxd5 34. cxd5 {[%cal Bc4d5,Bd5d6][%mdl 32]} Qb3 35. d6 ({Resist} 35. Qxa5 $6 Rxd5 36. Qb6 Qxb6 37. Bxb6 Re5 $16) 35... b6 (35... Nh4 {was called for.}) 36. Bf2 Qxa4 $2 (36... Re8 37. Re1 Kh8) 37. Bxb6 {White is clearly winning.} Rdf8 38. Qd5 {Strongly threatening Rxf5.} Kh8 39. Rgf2 {[%cal Rf2f5]} ({Less strong is} 39. Bxa5 Ne3 40. Rxf7 Nxd5 41. Rxf8+ Kh7 $14) 39... Qd7 40. Bc5 Ne3 41. Bxe3 ({Weaker is} 41. Rxf7 Qg4+ 42. Kf2 Nxd5 $18) 1-0

[Event "18th Karpov Poikovsky 2017"]
[Site "Poikovsky"]
[Date "2017.04.20"]
[Round "3"]
[White "Rodshtein, Maxim"]
[Black "Zhigalko, Sergei"]
[Result "1/2-1/2"]
[WhiteElo "2701"]
[BlackElo "2639"]
[Annotator "TA"]
[PlyCount "87"]
[EventDate "2017.??.??"]
[EventType "tourn"]
[EventCountry "RUS"]
[SourceTitle "playchess.com"]
[Source "ChessBase"]
[SourceQuality "1"]

{[%evp 16,87,35,35,35,35,36,35,35,24,32,6,35,35,40,39,109,108,89,100,93,101,82,98,85,89,113,104,117,46,41,0,0,0,0,0,47,45,49,46,46,0,157,150,123,146,156,158,234,38,33,33,28,24,25,16,66,25,46,14,12,4,0,0,0,0,0,0,0,-4,0,-18,-8,-8]} 1. Nf3 Nf6 2. c4 e6 3. g3 b6 4. Bg2 Bb7 5. d4 Bb4+ 6. Bd2 Bxd2+ 7. Qxd2 O-O 8. Nc3 d6 9. d5 {LiveBook: 20 Games. E16: Queen's Indian: 4 g3 Bb7 5 Bg2 Bb4+} a5 10. O-O Na6 11. Nd4 {White is slightly better.} e5 12. Nc2 Nc5 13. b3 $146 (13. e4 c6 14. dxc6 Bxc6 15. Rfe1 Qb8 16. Na3 Rd8 {1-0 (41) Shengelia,D (2573)-Jurcik,M (2487) Zillertal 2015}) 13... Ba6 14. Rab1 Rb8 15. a3 b5 ({Black should try} 15... a4 $14) 16. b4 $16 ({But not} 16. Nxb5 $6 Bxb5 17. cxb5 Rxb5 $11) 16... axb4 17. axb4 Ncd7 18. Ra1 Qc8 19. cxb5 Bxb5 20. Ne3 Ba6 21. Nf5 Re8 {[#]} 22. Qg5 (22. Ne4 $1 $16 {[%cal Re4d6] Strongly threatening Nexd6!} Nxe4 23. Bxe4) 22... g6 $14 23. b5 Bxb5 24. Bh3 $40 {[%mdl 128] White mounts an attack.} Qd8 25. f4 exf4 (25... Bc4 $5 {is interesting.} 26. Nh6+ Kg7 27. Nf5+ Kh8 28. Nh6 Kg7) 26. Nd4 $1 fxg3 $1 27. Ncxb5 {aiming for Nc6.} gxh2+ 28. Kxh2 {Hoping for Nc6.} Rxb5 $2 (28... Re5 $1 $11 29. Qg3 Rb7) 29. Nxb5 $16 Rxe2+ 30. Kg1 Re5 {[#]} 31. Qf4 $1 Qe7 (31... Rh5 $16 {was necessary.}) 32. Nd4 $2 (32. Ra8+ $18 Kg7 33. Nxc7) 32... Nxd5 $14 33. Nc6 Nxf4 34. Nxe7+ Rxe7 35. Rxf4 Ne5 36. Rb4 c6 37. Bf1 Kg7 {The position is equal.} 38. Be2 h5 {[%cal Bh7h5,Bh5h4][%mdl 32]} 39. Kf2 f5 40. Rb8 d5 41. Raa8 Kf6 42. Kg3 Kg5 43. Re8 h4+ 44. Kh3 1/2-1/2

[Event "18th Karpov Poikovsky 2017"]
[Site "Poikovsky"]
[Date "2017.04.20"]
[Round "3"]
[White "Anton Guijarro, David"]
[Black "Jakovenko, Dmitry"]
[Result "1/2-1/2"]
[WhiteElo "2679"]
[BlackElo "2718"]
[Annotator "TA"]
[PlyCount "81"]
[EventDate "2017.??.??"]
[EventType "tourn"]
[EventCountry "RUS"]
[SourceTitle "playchess.com"]
[Source "ChessBase"]
[SourceQuality "1"]

{[%evp 23,81,15,16,-10,25,10,7,9,18,20,32,32,32,32,32,32,32,34,34,33,35,25,25,25,25,25,66,66,66,66,66,66,66,66,81,76,74,78,92,68,83,0,40,0,0,0,0,0,0,0,0,0,0,0,0,0,0,0,0,0]} 1. d4 Nf6 2. c4 e6 3. Nf3 d5 4. Nc3 Be7 5. Bg5 h6 6. Bh4 O-O 7. e3 Ne4 8. Bxe7 Qxe7 9. cxd5 Nxc3 10. bxc3 exd5 11. Bd3 c5 {D57: Queen's Gambit Declined: Lasker Defence: Main line (9 cxd5)} 12. O-O Nc6 {LiveBook: 18 Games} 13. Rb1 (13. Re1 Rd8 14. e4 dxe4 15. Bxe4 Qf6 16. d5 Ne7 17. c4 Bg4 18. Qb3 Bxf3 19. Bxf3 {1-0 (49) Nakamura,H (2779)-Caruana,F (2823) Saint Louis 2016}) 13... b6 14. Re1 {Threatening e4.} Qd6 15. e4 $146 (15. Qa4 c4 16. Bf1 Bf5 17. Rb2 Rfe8 18. Qd1 Rab8 19. g3 {½-½ (54) Godart,F (2399)-Rusev,R (2337) Paris 2014}) 15... dxe4 $1 16. Bxe4 {next Ne5 is good for White.} Bg4 17. h3 Bxf3 18. Qxf3 Rac8 19. Bxc6 Rxc6 20. d5 Rc7 21. c4 Re7 22. Re4 Rfe8 23. Rbe1 Kf8 24. g3 Qg6 {[%cal Re7e4]} 25. Rxe7 Rxe7 26. Rxe7 Kxe7 $14 {[%mdl 4096] Endgame KQ-KQ} 27. Qa3 a5 28. Qe3+ Kd7 29. Qf4 a4 30. Kg2 h5 31. h4 f6 32. Kh2 (32. Qe3 $16 {And now Qe6+ would win.} Qf5 33. Qf3) 32... Qd3 33. Qb8 Qxc4 {The position is equal.} 34. Qb7+ Kd6 35. Qc6+ $1 Ke5 36. f4+ $1 Kd4 37. d6 Qe2+ ({Wrong is} 37... Qxa2+ $2 38. Qg2 Qd5 39. Qxd5+ Kxd5 40. d7 $18) 38. Qg2 Qd3 $1 39. d7 Kc3 40. Qc6 Qe2+ 41. Kg1 1/2-1/2

[Event "18th Karpov Poikovsky 2017"]
[Site "Poikovsky"]
[Date "2017.04.20"]
[Round "3"]
[White "Dubov, Daniil"]
[Black "Korobov, Anton"]
[Result "0-1"]
[WhiteElo "2660"]
[BlackElo "2695"]
[Annotator "TA"]
[PlyCount "94"]
[EventDate "2017.??.??"]
[EventType "tourn"]
[EventCountry "RUS"]
[SourceTitle "playchess.com"]
[Source "ChessBase"]
[SourceQuality "1"]

{[%evp 18,94,-3,-7,38,31,30,16,16,17,20,-38,27,26,35,26,24,20,40,0,36,28,95,46,18,27,20,12,6,28,29,16,41,-147,-168,-154,-136,-202,0,0,0,-42,-58,-39,0,-123,-109,-118,-118,-99,-115,-122,-120,-110,-112,-115,-115,-100,-105,-106,-112,-91,-29,-286,-285,-293,-283,-293,-300,-376,-384,-527,-298,-283,-283,-345,-340,-350,-364]} 1. e4 c5 2. Nf3 d6 3. d4 cxd4 4. Nxd4 Nf6 5. Nc3 a6 6. g3 e6 7. Bg2 Be7 8. O-O O-O 9. b3 Qc7 10. Bb2 Nbd7 {B80: Sicilian Scheveningen: 6 g3 and 6 Be3, including English Attack} (10... Rd8 11. Qe2 Bd7 12. Nd1 Nc6 13. c4 b5 14. Rc1 Nxd4 15. Bxd4 Rac8 16. Ne3 Qb8 17. Qb2 Bc6 18. e5 dxe5 19. Bxe5 {0-1 (49) Kovacevic,A (2550)-Kozul,Z (2591) Djakovo 2005}) 11. a4 Rb8 12. a5 b5 {The position is equal.} 13. axb6 $1 Qxb6 14. g4 $146 (14. Na4 $11 Qc7 15. Qd2) (14. Na4 Qc7 15. Re1 Bb7 16. c4 Rfd8 17. Bc3 Ne5 18. Qd2 {½-½ (41) Kleinman,M (2195)-Hamilton,R (2285) Guelph 2011}) 14... g6 (14... h6 $1 $15) 15. g5 $11 Nh5 16. f4 {[%cal Bf2f4,Bf4f5][%mdl 32]} Bb7 {Threatens to win with ...e5.} 17. Kh1 Ng7 18. h4 Rbc8 19. f5 Nh5 (19... Bd8 $11 {remains equal.}) 20. Na4 Ng3+ 21. Kg1 Qa7 22. fxe6 Ne5 $132 {[%mdl 2048] Black is not keeping still (2)} 23. exf7+ Nxf7 24. Re1 Ne5 25. Kh2 $2 (25. Re3 $14 {stays ahead.} Nh5 26. Nf5 $1 {[%mdl 512]} (26. Bh3 Rf4 27. Be6+ Kg7 28. Bxc8 Bxc8 $11) 26... gxf5 27. Bd4) 25... Nh5 $17 26. Nf5 Rxf5 (26... gxf5 27. Bd4 Ng4+ 28. Kg1 $15) 27. Bd4 Qxd4 $2 (27... Qa8 $2 28. Nb6 (28. exf5 Bxg2 29. Bxe5 dxe5 $11) 28... Qb8 29. exf5 Bxg2 30. Nxc8 (30. Kxg2 Qb7+ 31. Kh3 Nf4+ 32. Kg3 Nh5+ 33. Kh3 Nf4+ 34. Kg3 Nh5+ 35. Kh3 $11) 30... Qxc8 31. Kxg2 $18) ({Black should try} 27... Qb8 $1 $19 28. exf5 Bxg2 29. Bxe5 (29. Kxg2 Qb7+ 30. Kf2 Nf4 $17) 29... dxe5 30. Kxg2 Qb7+ 31. Kg1 (31. Kf2 $2 Nf4 32. Rg1 Rd8 $19) 31... Nf4) 28. Qxd4 $11 Rf4 29. c4 Rxh4+ 30. Kg1 Bxg5 {[%cal Be7g5,Bg5f4,Bf4h2,Bh2f4][%mdl 32]} 31. Qxd6 (31. Rf1 $11) 31... Bf4 $17 {aiming for ...Nf3+!} 32. Qe6+ Kh8 {[%mdl 1024] ...Bh2+ is the strong threat. Black has strong compensation.} 33. Qe7 Bh2+ 34. Kf2 Rf4+ 35. Ke3 ({Not} 35. Ke2 $2 Rf7 36. Qxf7 (36. Qg5 $2 Bf4 37. Qxh5 gxh5 $19) 36... Nxf7 $19) 35... Rf7 36. Qe6 {Hoping for Rf1.} Rf6 37. Qe7 {[#]} Bf4+ $1 38. Ke2 Rf7 39. Qe6 Rcf8 ({Black should play} 39... Rb8 $17 {Strongly threatening ...Bc8.} 40. Rad1 Rbf8) 40. Bh3 $2 {[%mdl 8192]} (40. Nb6 $1 $11 {and White stays safe.}) 40... Bxe4 $19 {And now ...Rd8 would win.} 41. Nc5 {[#]} Bf3+ $1 42. Kf2 Bc6 43. Ke2 {and the idea Kd1 leaves White hopeful.} Rd8 {( -> ...Rd2+)} ({Weaker is} 43... Re8 44. Qxe8+ Bxe8 45. Kd1 $19) 44. Ra2 Ng7 45. Qxf7 {Black has a decisive advantage.} Nxf7 46. Rxa6 Ne5 47. Kf1 {White wants to play Rxe5.} Rf8 0-1

[Event "18th Karpov Poikovsky 2017"]
[Site "Poikovsky"]
[Date "2017.04.20"]
[Round "3"]
[White "Sutovsky, Emil"]
[Black "Najer, Evgeniy"]
[Result "1-0"]
[WhiteElo "2650"]
[BlackElo "2679"]
[Annotator "TA"]
[PlyCount "69"]
[EventDate "2017.??.??"]
[EventType "tourn"]
[EventCountry "RUS"]
[SourceTitle "playchess.com"]
[Source "ChessBase"]
[SourceQuality "1"]

{[%evp 16,69,60,28,28,34,34,31,29,25,31,25,59,45,42,35,55,49,39,49,39,34,43,40,36,0,0,0,0,-118,-107,-98,-96,-92,-103,-98,-86,-177,-38,-54,0,-42,-52,-102,851,835,861,861,5407,5385,5381,5373,29988,29989,29989,29990]} 1. e4 c5 2. Nf3 d6 3. d4 cxd4 4. Nxd4 Nf6 5. Nc3 a6 6. Bg5 e6 7. f4 Qc7 8. Bxf6 gxf6 9. Be2 Nc6 {B96: Sicilian Najdorf: 6 Bg5 e6 7 f4, lines other than 7...Qb6 and 7...Be7} 10. Qd3 (10. Nb3 b5 11. a3 Qb6 12. Qd2 h5 13. O-O-O Rb8 14. Bf3 b4 15. axb4 Nxb4 16. Qd4 Qxd4 17. Rxd4 h4 18. Rd2 {0-1 (29) Hevia Alejano,C (2533)-Carlsen,M (2855) ICC INT 2016}) 10... Nxd4 11. Qxd4 Qc5 {White is slightly better.} 12. Qd3 Bd7 13. O-O-O Rc8 $146 (13... O-O-O 14. Kb1 Kb8 15. Rhf1 h5 16. a3 Rc8 17. Bf3 Rc7 18. h4 Bh6 19. Be2 Bf8 20. Qd4 Be7 21. Qd3 {½-½ (21) Barash,D-Kopylov,I USSR 1986}) 14. Kb1 b5 15. a3 h5 16. f5 b4 17. axb4 Qxb4 18. fxe6 fxe6 19. e5 f5 20. Qg3 {Hoping for Qg6+.} (20. exd6 $2 Bg7 21. Qxa6 Rxc3 22. Qa8+ Kf7 $19) 20... Kf7 21. Qg5 (21. Bxa6 $2 Ra8 22. Na2 (22. Qg5 $2 Be7 23. Qe3 Rxa6 $19) 22... Qa4 $19) (21. exd6 $2 Rb8 22. b3 Bg7 $19) 21... Rb8 $40 {[%csl Gb8][%cal Rb4b2][%mdl 128] White needs to defend precisely.} 22. Nb5 (22. Bxh5+ Rxh5 $1 {[%mdl 512]} 23. Qxh5+ Kg8 $17) (22. b3 $1 $11 {was the only way to keep the balance.} Qxc3 23. Qf6+ (23. Bxh5+ Rxh5 24. Qxh5+ Kg8 25. Rxd6 Bxd6 26. Qg5+ Kf7 27. Qh5+ Kg8 28. Qg6+ Kf8 29. Qh6+ Kg8 30. Qg6+ Kf8 31. Qh6+ Kg8 32. Qg6+ $17) 23... Ke8 24. Qxh8 Rxb3+ 25. cxb3 Qxb3+ 26. Kc1 Qc3+ 27. Kb1 Qb3+ 28. Ka1 Qa3+ 29. Kb1 Qb3+) 22... Rxb5 $17 {[%csl Gb5][%cal Rb4b2]} 23. Qf6+ Kg8 {[%csl Gb5][%cal Rb4b2]} 24. Bxb5 Qxb5 25. Rd3 {[#] Intending Rg3+ and mate.} Rh7 $1 26. Rhd1 {[#]} (26. exd6 $17 Rf7 27. Qh4) 26... h4 ({Weaker is} 26... dxe5 27. Rb3 Rf7 28. Qg5+ (28. Qd8 Qc6 29. Rc3 Qb5 $11) 28... Rg7 29. Qd8 $11) (26... Rg7 $1 $19 {...Be7 is the strong threat.} 27. exd6 Rxg2) 27. exd6 $15 Qc6 (27... Qc4 $15) 28. Rc3 Qxg2 29. Rc7 {Strongly threatening Rxd7!} Qg7 $2 {[%mdl 8192]} (29... Qxh2 30. Qd8 Qe2 31. Rg1+ Rg7 32. Rxg7+ Kxg7 33. Qg5+ Kh8 34. Qxh4+ (34. Rxd7 Qe1+ 35. Ka2 Qa5+ 36. Kb1 Qe1+ 37. Ka2 Qa5+ 38. Kb1 Qe1+ $11) 34... Kg7 35. Qg5+ Kh8 36. Rxd7 Qd1+ 37. Qc1 Qxc1+ 38. Kxc1 Bh6+ 39. Kd1 $18) (29... Qg4 $17 30. Rf1 Rf7) 30. Qd8 $18 f4 {[#]} 31. Rxd7 $1 {[%mdl 512]} Qg4 (31... Qxd7 32. Rg1+) 32. Rc1 {Rxh7 would kill now.} Rxd7 33. Qxd7 {White threatens Qe8 and mate.} f3 34. Qe8 f2 35. d7 1-0

[Event "18th Karpov Poikovsky 2017"]
[Site "Poikovsky"]
[Date "2017.04.21"]
[Round "4"]
[White "Inarkiev, Ernesto"]
[Black "Sutovsky, Emil"]
[Result "1/2-1/2"]
[WhiteElo "2727"]
[BlackElo "2650"]
[Annotator "TA"]
[PlyCount "50"]
[EventDate "2017.??.??"]
[EventType "tourn"]
[EventCountry "RUS"]
[SourceTitle "playchess.com"]
[Source "ChessBase"]
[SourceQuality "1"]

{[%evp 23,50,0,40,-14,-9,-84,-75,-83,-70,-92,-102,-70,-2,-2,-10,-16,0,-4,0,0,0,0,0,0,0,0,0,0,0]} 1. d4 Nf6 2. c4 g6 3. Nf3 Bg7 4. g3 O-O 5. Bg2 d6 6. O-O Nc6 7. Nc3 e5 8. d5 Nb8 {[%cal Bc6b8,Bb8a6,Ba6b4][%mdl 32]} 9. e4 a5 {E62: King's Indian: Fianchetto: 6...c6 and Panno Variation (6...Nc6) without ...a6} 10. Ne1 Na6 11. Nd3 Nb4 (11... Nd7 12. f4 exf4 13. gxf4 Nb6 14. Qb3 Re8 15. Be3 a4 16. Nxa4 Nxa4 17. Qxa4 {0-1 (32) Mamedyarov,S (2772)-Shimanov,A (2642) chess.com INT 2017}) 12. Ne1 Na6 {LiveBook: 45 Games} 13. f4 (13. Bg5 $14) 13... exf4 $146 (13... Nd7 14. f5 f6 15. h4 Rf7 16. Be3 Nb6 17. b3 c5 18. dxc6 bxc6 19. c5 {1-0 (36) Reefschlaeger,H (2405)-Vatter,H (2240) Germany 1982}) 14. gxf4 (14. Bxf4 $11 Nc5 15. Nd3) 14... Re8 $17 15. Nd3 Ng4 {[%cal Bf6g4,Bg4f2,Bf2d3][%mdl 32]} 16. h3 Bd4+ 17. Kh1 Qh4 (17... Nf6 $15 18. Ne2 Bb6) 18. Qe1 $11 {The position is equal.} Qxe1 19. Rxe1 Nc5 20. Nxc5 Nf2+ 21. Kh2 {[#] N5a4 is the strong threat.} Bxc5 (21... dxc5 $6 22. Nb5 Re7 23. Nxd4 (23. Be3 Nd3 $11) 23... cxd4 24. Kg3 $16) 22. Nb5 Nd3 23. Rd1 Nf2 (23... Nxc1 24. Nxc7 (24. Raxc1 Re7 $11) 24... Rf8 25. Nxa8 $14 (25. Rdxc1 Rb8 $14)) 24. Re1 ({Reject} 24. Nxc7 Re7 25. Nxa8 Nxd1 $17) 24... Nd3 25. Rd1 Nf2 ({Of course not} 25... Nxc1 26. Nxc7 (26. Raxc1 Re7 $11) 26... Re7 27. Nxa8 $16) 1/2-1/2

[Event "18th Karpov Poikovsky 2017"]
[Site "Poikovsky"]
[Date "2017.04.21"]
[Round "4"]
[White "Korobov, Anton"]
[Black "Anton Guijarro, David"]
[Result "1-0"]
[WhiteElo "2695"]
[BlackElo "2679"]
[Annotator "TA"]
[PlyCount "117"]
[EventDate "2017.??.??"]
[EventType "tourn"]
[EventCountry "RUS"]
[SourceTitle "playchess.com"]
[Source "ChessBase"]
[SourceQuality "1"]

{[%evp 20,117,29,32,26,49,45,24,34,29,29,14,5,0,6,3,18,-4,42,22,16,16,15,15,47,45,55,54,132,109,127,117,110,116,278,272,321,278,266,273,295,292,272,254,266,272,262,237,225,242,341,272,445,439,441,439,429,426,560,560,564,564,558,527,538,390,1143,1042,1193,1145,1204,1164,1190,1162,1087,1033,1177,1170,1087,1078,977,790,1518,1172,29972,29973,29977,29976,29976,29977,29979,29980,29980,29981,29981,29982,29982,29982,29983,29984]} 1. d4 f5 2. g3 Nf6 3. Bg2 g6 4. Nf3 Bg7 5. O-O O-O 6. b3 d6 7. Bb2 c6 8. c4 Na6 9. Nbd2 e5 10. dxe5 {A87: Dutch Defence: Leningrad System: 5 Nf3} Nd7 11. Ba3 {LiveBook: 6 Games} c5 $146 (11... Nxe5 12. Nxe5 Bxe5 13. Qc2 Bxa1 14. Rxa1 Qe7 15. Rd1 Be6 16. Bb2 h6 17. Qc3 Kh7 {0-1 (33) Shulman,Y (2568)-Laznicka,V (2679) Arlington 2014}) 12. e6 {White has an edge.} Nb6 13. Qc2 Bxe6 14. Rad1 Qe7 15. Bb2 Nb4 16. Qb1 Rad8 17. Bxg7 Qxg7 18. Ne1 a5 19. a3 Nc6 20. Nd3 g5 21. Rfe1 f4 22. gxf4 gxf4 {[#] ( -> ...Bh3)} 23. Kh1 Ne5 (23... Kh8 $1 $14) 24. Nxe5 dxe5 25. Rg1 Kh8 26. Be4 Qf6 $2 (26... Qc7 $16) 27. Bxh7 $18 (27. Bxb7 Rb8 $16) 27... Qh6 28. Be4 Rg8 {intending ...Rxg1+.} 29. Nf3 {[#] aiming for Rxd8.} Rxd1 30. Qxd1 {Hoping for Rxg8+.} ({Don't do} 30. Rxd1 Qg7 31. Rg1 Qf6 32. Rxg8+ Kxg8 33. Bxb7 Kg7 $18) 30... Rxg1+ 31. Nxg1 Qf8 32. Nf3 ({But not} 32. Bxb7 $6 a4 33. bxa4 Nxc4 $18) 32... a4 33. bxa4 $40 {[%mdl 128] Threatens to win with Qb3. White goes for the king.} Nxc4 34. Bxb7 Qf5 (34... Qd6 {might work better.} 35. Qb1 Kg7) 35. Qd3 Nd6 $2 (35... Qxd3 36. exd3 Nd6) 36. Qxd6 Qb1+ 37. Ne1 Qxb7+ 38. f3 Qd5 39. Qxd5 Bxd5 {[%mdl 4096] Endgame KB-KN} 40. Kg2 c4 41. Kf2 c3 42. Nd3 e4 $2 (42... Kg7 43. Nxe5 Bc4) 43. fxe4 Bxe4 44. Nb4 Kg7 45. Ke1 Kf6 46. Na2 c2 47. Kd2 Ke5 48. Nb4 Kd4 49. Nxc2+ Kc4 50. Ne1 Kb3 51. Nd3 Kxa3 52. Nxf4 {White mates.} Kxa4 53. Kc3 Kb5 54. Kd4 Bc2 55. Nd5 Bb3 56. Ke5 Kc6 57. Nf6 Kc7 58. h4 Kd8 59. Kd6 1-0